States That Border Arkansas Quiz Stats

 Plays Quiz Updated Sep 13, 2017

Challenge
Share
Tweet
Embed
Score 0/6 Timer 01:00
7 Plays Today
% Correct
Texas
93.8%
Missouri
91.5%
Oklahoma
90.6%
Louisiana
89.7%
Tennessee
88.4%
Mississippi
88.2%

You're not logged in!

Compare scores with friends on all Sporcle quizzes.
OR
Log In

You Might Also Like...

Show Comments

Extras

Top Quizzes Today


Score Distribution

Your Account Isn't Verified!

In order to create a playlist on Sporcle, you need to verify the email address you used during registration. Go to your Sporcle Settings to finish the process.

Report this User

Report this user for behavior that violates our Community Guidelines.

Details: